[Event "MSRCH16"]
[Site "?"]
[Date "2026.04.13"]
[Round "5.10"]
[White "Boros, David"]
[Black "Sekerak, Filip"]
[Result "1-0"]
[BlackElo "1764"]
[WhiteElo "1966"]
[LiveChessVersion "1.4.8"]

1. b3 {[%clk 1:30:15]} d5 {[%clk 1:30:46]} 2. Bb2 {[%clk 1:30:39]} Bf5
{[%clk 1:31:02]} 3. Nf3 {[%clk 1:30:26]} Nf6 {[%clk 1:31:17]} 4. e3
{[%clk 1:30:21]} e6 {[%clk 1:31:25]} 5. Be2 {[%clk 1:27:28]} Nbd7
{[%clk 1:29:05]} 6. O-O {[%clk 1:27:35]} Bd6 {[%clk 1:29:21]} 7. d4
{[%clk 1:25:10]} O-O {[%clk 1:28:37]} 8. c4 {[%clk 1:21:44]} c6 {[%clk 1:28:38]}
9. Nc3 {[%clk 1:19:19]} Ne4 {[%clk 1:23:20]} 10. Rc1 {[%clk 1:17:51]} Qa5
{[%clk 1:20:53]} 11. Nh4 {[%clk 1:09:24]} Ba3 {[%clk 1:19:07]} 12. Bxa3
{[%clk 1:06:55]} Nxc3 {[%clk 1:19:22]} 13. Rxc3 {[%clk 1:07:19]} Qxc3
{[%clk 1:15:11]} 14. Bxf8 {[%clk 1:06:41]} Kxf8 {[%clk 1:13:01]} 15. Nxf5
{[%clk 1:06:32]} exf5 {[%clk 1:13:23]} 16. cxd5 {[%clk 1:02:25]} cxd5
{[%clk 1:13:23]} 17. Qd3 {[%clk 0:59:55]} Qxd3 {[%clk 1:11:20]} 18. Bxd3
{[%clk 0:58:13]} g6 {[%clk 1:11:39]} 19. Rc1 {[%clk 0:58:21]} Nb6
{[%clk 1:09:39]} 20. Rc7 {[%clk 0:53:52]} Rb8 {[%clk 1:09:23]} 21. Kf1
{[%clk 0:52:24]} Na8 {[%clk 1:09:10]} 22. Rc5 {[%clk 0:49:50]} Rd8
{[%clk 1:09:25]} 23. a4 {[%clk 0:46:47]} Ke7 {[%clk 1:07:47]} 24. Ke2
{[%clk 0:46:55]} b6 {[%clk 1:07:04]} 25. Rc2 {[%clk 0:39:46]} Rd6
{[%clk 1:03:16]} 26. Kd2 {[%clk 0:36:02]} Kd8 {[%clk 1:02:19]} 27. a5
{[%clk 0:28:28]} Nc7 {[%clk 0:56:18]} 28. axb6 {[%clk 0:28:37]} axb6
{[%clk 0:56:06]} 29. Rc1 {[%clk 0:26:44]} Kd7 {[%clk 0:55:37]} 30. f3
{[%clk 0:26:31]} Rc6 {[%clk 0:55:56]} 31. Ra1 {[%clk 0:25:36]} Re6
{[%clk 0:52:58]} 32. Ra7 {[%clk 0:24:41]} Kc6 {[%clk 0:52:44]} 33. h3
{[%clk 0:23:35]} b5 {[%clk 0:51:26]} 34. Ra1 {[%clk 0:22:50]} Kb6
{[%clk 0:51:23]} 35. Rc1 {[%clk 0:21:31]} Rc6 {[%clk 0:51:46]} 36. Rh1
{[%clk 0:19:55]} h5 {[%clk 0:49:37]} 37. e4 {[%clk 0:14:24]} fxe4
{[%clk 0:49:48]} 38. fxe4 {[%clk 0:14:48]} dxe4 {[%clk 0:50:09]} 39. Bxe4
{[%clk 0:15:02]} Re6 {[%clk 0:50:29]} 40. Bf3 {[%clk 0:13:59]} Rd6
{[%clk 0:50:24]} 41. Kc3 {[%clk 0:12:33]} Ne6 {[%clk 0:48:56]} 42. d5
{[%clk 0:09:30]} Ng5 {[%clk 0:48:55]} 43. Kd4 {[%clk 0:09:46]} f6
{[%clk 0:47:52]} 44. b4 {[%clk 0:09:17]} Nxf3+ {[%clk 0:42:49]} 45. gxf3
{[%clk 0:09:05]} g5 {[%clk 0:42:42]} 46. Rc1 {[%clk 0:05:32]} Rd7
{[%clk 0:42:27]} 47. Rc6+ {[%clk 0:02:53]} Kb7 {[%clk 0:42:50]} 48. Rxf6
{[%clk 0:03:05]} Rg7 {[%clk 0:42:49]} 49. Kc5 {[%clk 0:01:49]} g4
{[%clk 0:42:56]} 50. fxg4 hxg4 {[%clk 0:43:21]} 51. hxg4 {[%clk 0:02:30]} Rxg4
{[%clk 0:43:43]} 52. Kxb5 {[%clk 0:02:47]} Rg5 {[%clk 0:44:05]} 53. Rf7+
{[%clk 0:02:35]} Kb8 {[%clk 0:43:48]} 54. Kc6 {[%clk 0:02:08]} Rg8
{[%clk 0:43:58]} 55. d6 {[%clk 0:01:42]} Rd8 {[%clk 0:43:17]} 56. d7
{[%clk 0:01:11]} Rh8 {[%clk 0:43:40]} 57. Rf6 {[%clk 0:01:36]} Rg8
{[%clk 0:43:51]} 58. Re6 {[%clk 0:01:36]} Ka7 {[%clk 0:43:51]} 59. Re8
{[%clk 0:01:31]} Rg6+ {[%clk 0:44:09]} 60. Kb5 {[%clk 0:01:48]} Rd6
{[%clk 0:42:20]} 61. d8=Q {[%clk 0:01:26]} Rd5+ {[%clk 0:42:40]} 62. Ka4
{[%clk 0:01:45]} Rh5 {[%clk 0:42:49]} 63. Qd7+ {[%clk 0:02:00]} 1-0

[Event "MSRCH16"]
[Site "?"]
[Date "2026.04.13"]
[Round "5.11"]
[White "Sekera, Timotej"]
[Black "Pauko, Sebastian"]
[Result "1/2-1/2"]
[BlackElo "1726"]
[WhiteElo "1916"]
[LiveChessVersion "1.4.8"]

1. e4 {[%clk 1:30:50]} c6 {[%clk 1:30:55]} 2. d4 {[%clk 1:31:06]} d5
{[%clk 1:31:19]} 3. Nc3 {[%clk 1:31:29]} dxe4 {[%clk 1:31:27]} 4. Nxe4
{[%clk 1:31:47]} Nf6 {[%clk 1:31:46]} 5. Qd3 {[%clk 1:32:08]} Nbd7
{[%clk 1:30:31]} 6. Nf3 {[%clk 1:31:54]} Nxe4 {[%clk 1:29:28]} 7. Qxe4
{[%clk 1:32:13]} Nf6 {[%clk 1:29:50]} 8. Qh4 {[%clk 1:32:15]} Bf5
{[%clk 1:25:47]} 9. c3 {[%clk 1:30:37]} e6 {[%clk 1:22:26]} 10. Be2
{[%clk 1:27:04]} Bd6 {[%clk 1:15:32]} 11. Bg5 {[%clk 1:25:42]} h6
{[%clk 1:13:04]} 12. Ne5 {[%clk 1:22:58]} Qe7 {[%clk 1:09:50]} 13. g4
{[%clk 1:18:15]} Bh7 {[%clk 1:02:26]} 14. Bxf6 Qxf6 {[%clk 1:01:57]} 15. Qxf6
{[%clk 1:18:32]} gxf6 {[%clk 1:02:21]} 16. Nc4 {[%clk 1:18:53]} Bf4
{[%clk 1:00:12]} 17. Bf3 {[%clk 1:15:11]} O-O-O {[%clk 0:54:26]} 18. a4
{[%clk 1:14:58]} e5 {[%clk 0:49:03]} 19. dxe5 {[%clk 1:12:54]} fxe5
{[%clk 0:38:31]} 20. a5 {[%clk 1:11:36]} Bd3 {[%clk 0:32:49]} 21. Ne3
{[%clk 1:11:43]} e4 {[%clk 0:31:49]} 22. Bg2 {[%clk 1:07:40]} Rhg8
{[%clk 0:26:04]} 23. Ra4 {[%clk 1:05:48]} Bxe3 {[%clk 0:24:52]} 24. fxe3
{[%clk 1:06:09]} f5 {[%clk 0:23:21]} 25. h3 {[%clk 1:04:17]} h5 {[%clk 0:22:51]}
26. Kf2 {[%clk 1:02:41]} hxg4 {[%clk 0:18:52]} 27. hxg4 {[%clk 1:02:59]} Rxg4
{[%clk 0:17:10]} 28. Rh7 {[%clk 1:01:40]} Bc2 {[%clk 0:16:36]} 29. Rd4
{[%clk 1:01:43]} Rxd4 {[%clk 0:15:42]} 30. cxd4 {[%clk 1:01:59]} Rg5
{[%clk 0:13:08]} 1/2-1/2

[Event "MSRCH16"]
[Site "?"]
[Date "2026.04.13"]
[Round "5.12"]
[White "Simonov, Tobias"]
[Black "Binovec, Lukas"]
[Result "1/2-1/2"]
[BlackElo "1858"]
[WhiteElo "1708"]
[LiveChessVersion "1.4.8"]

1. d4 {[%clk 1:30:57]} Nf6 {[%clk 1:30:56]} 2. c4 {[%clk 1:31:17]} e6
{[%clk 1:31:21]} 3. Nc3 {[%clk 1:31:26]} Bb4 {[%clk 1:31:46]} 4. Bg5
{[%clk 1:31:05]} c5 {[%clk 1:30:28]} 5. e3 {[%clk 1:28:35]} h6 {[%clk 1:29:29]}
6. Bxf6 {[%clk 1:27:53]} Qxf6 {[%clk 1:29:30]} 7. Nf3 {[%clk 1:27:50]} Bxc3+
{[%clk 1:27:31]} 8. bxc3 {[%clk 1:28:07]} O-O {[%clk 1:27:30]} 9. Qc2
{[%clk 1:26:25]} d6 {[%clk 1:23:47]} 10. Be2 {[%clk 1:22:56]} Nd7
{[%clk 1:22:27]} 11. O-O {[%clk 1:18:05]} b6 {[%clk 1:19:01]} 12. Nd2
{[%clk 1:14:28]} Bb7 {[%clk 1:12:57]} 13. Bf3 {[%clk 1:09:02]} Bxf3
{[%clk 1:08:07]} 14. Nxf3 {[%clk 1:09:27]} Qe7 {[%clk 1:06:45]} 15. Qb3
{[%clk 1:02:20]} Rac8 {[%clk 1:02:51]} 16. a4 {[%clk 0:56:58]} Rc7
{[%clk 0:47:31]} 17. Ra2 {[%clk 0:51:26]} cxd4 {[%clk 0:38:27]} 18. cxd4
{[%clk 0:51:22]} Rfc8 {[%clk 0:37:57]} 19. Rc2 {[%clk 0:50:27]} e5
{[%clk 0:25:05]} 20. Rfc1 {[%clk 0:46:38]} Qe6 {[%clk 0:17:27]} 21. Rc3
{[%clk 0:38:53]} Qf5 {[%clk 0:11:26]} 1/2-1/2

[Event "MSRCH16"]
[Site "?"]
[Date "2026.04.13"]
[Round "5.13"]
[White "Boba, Kristian"]
[Black "Kostov, Rubin"]
[Result "1/2-1/2"]
[BlackElo "1702"]
[WhiteElo "1826"]
[LiveChessVersion "1.4.8"]

1. d4 {[%clk 1:30:46]} Nf6 {[%clk 1:30:55]} 2. Nf3 {[%clk 1:31:09]} e6
{[%clk 1:31:02]} 3. e3 {[%clk 1:31:27]} c5 {[%clk 1:31:20]} 4. Bd3
{[%clk 1:30:57]} Nc6 {[%clk 1:31:26]} 5. b3 {[%clk 1:30:18]} cxd4
{[%clk 1:23:25]} 6. exd4 {[%clk 1:30:21]} Be7 {[%clk 1:19:55]} 7. Bb2
{[%clk 1:30:36]} O-O {[%clk 1:20:12]} 8. O-O {[%clk 1:30:58]} b6 {[%clk 1:20:17]}
9. a3 {[%clk 1:30:39]} Bb7 {[%clk 1:20:24]} 10. Nbd2 {[%clk 1:29:54]} Rc8
{[%clk 1:19:40]} 11. Qe2 {[%clk 1:24:10]} d5 {[%clk 1:15:23]} 12. Ne5
{[%clk 1:23:41]} Qc7 {[%clk 1:13:27]} 13. f4 {[%clk 1:19:15]} Bd6
{[%clk 1:02:03]} 14. Qf3 {[%clk 1:14:46]} Nd7 {[%clk 1:00:07]} 15. Qe2
{[%clk 1:08:52]} Rce8 {[%clk 0:59:25]} 16. Rac1 {[%clk 0:58:04]} Re7
{[%clk 0:44:12]} 17. Rf3 {[%clk 0:50:09]} f6 {[%clk 0:37:01]} 18. Bxh7+
{[%clk 0:49:07]} Kxh7 {[%clk 0:33:53]} 19. Rh3+ {[%clk 0:47:29]} Kg8
{[%clk 0:33:58]} 20. Ng6 {[%clk 0:46:54]} Nd8 {[%clk 0:22:29]} 21. Qh5
{[%clk 0:39:19]} Ba6 {[%clk 0:21:45]} 22. Qg4 {[%clk 0:17:47]} Qb7
{[%clk 0:16:32]} 23. Rh5 {[%clk 0:13:33]} Qc7 {[%clk 0:12:56]} 24. Nxe7+
{[%clk 0:10:53]} Bxe7 {[%clk 0:13:13]} 25. c3 {[%clk 0:10:16]} f5
{[%clk 0:13:06]} 26. Qf3 {[%clk 0:08:37]} Nf6 {[%clk 0:12:52]} 27. Rh3
{[%clk 0:08:49]} Nf7 {[%clk 0:11:41]} 28. Nf1 {[%clk 0:08:37]} Bxf1
{[%clk 0:11:29]} 29. Qxf1 {[%clk 0:08:35]} Nd6 {[%clk 0:11:49]} 30. Qd3
{[%clk 0:08:11]} Nde4 {[%clk 0:11:52]} 31. Rf3 {[%clk 0:08:02]} Bd6
{[%clk 0:11:53]} 32. g3 {[%clk 0:08:26]} Qe7 {[%clk 0:11:43]} 33. b4
{[%clk 0:08:36]} Rc8 {[%clk 0:11:11]} 34. h3 {[%clk 0:07:17]} Rc4
{[%clk 0:10:45]} 35. Re1 {[%clk 0:06:52]} Qf7 {[%clk 0:10:53]} 36. Re2
{[%clk 0:06:48]} Qh5 {[%clk 0:10:24]} 37. Rh2 {[%clk 0:06:41]} Qg6
{[%clk 0:10:25]} 38. Rg2 {[%clk 0:06:07]} Qh5 {[%clk 0:10:18]} 39. h4
{[%clk 0:05:02]} Ng4 {[%clk 0:09:09]} 40. Qc2 {[%clk 0:04:03]} Qe8
{[%clk 0:09:00]} 41. Qb3 {[%clk 0:00:38]} b5 {[%clk 0:02:55]} 42. Re2
{[%clk 0:27:45]} 1/2-1/2

[Event "MSRCH16"]
[Site "?"]
[Date "2026.04.13"]
[Round "5.14"]
[White "Vavra, Martin"]
[Black "Havir, Adam"]
[Result "1-0"]
[BlackElo "1695"]
[WhiteElo "1798"]
[LiveChessVersion "1.4.8"]

1. e4 {[%clk 1:30:56]} c6 {[%clk 1:30:57]} 2. d4 {[%clk 1:30:50]} d5
{[%clk 1:31:23]} 3. e5 {[%clk 1:30:45]} c5 {[%clk 1:31:49]} 4. dxc5
{[%clk 1:29:34]} e6 {[%clk 1:31:55]} 5. Be3 {[%clk 1:29:52]} Bxc5
{[%clk 1:31:07]} 6. Bxc5 {[%clk 1:29:50]} Qa5+ {[%clk 1:31:31]} 7. b4
{[%clk 1:30:11]} Qc7 {[%clk 1:31:21]} 8. Bb5+ {[%clk 1:27:27]} Bd7
{[%clk 1:31:29]} 9. Bd6 {[%clk 1:26:38]} Qb6 {[%clk 1:31:01]} 10. Bxd7+
{[%clk 1:26:35]} Nxd7 {[%clk 1:31:21]} 11. Nf3 {[%clk 1:26:04]} Ne7
{[%clk 1:31:29]} 12. Qd4 {[%clk 1:25:50]} Qc6 {[%clk 1:29:14]} 13. c3
{[%clk 1:22:15]} Nf5 {[%clk 1:29:22]} 14. Qf4 {[%clk 1:21:19]} Nxd6
{[%clk 1:26:50]} 15. exd6 {[%clk 1:21:41]} Nb6 {[%clk 1:26:58]} 16. Ne5
{[%clk 1:21:20]} 1-0

[Event "MSRCH16"]
[Site "?"]
[Date "2026.04.13"]
[Round "5.15"]
[White "Klenko, David"]
[Black "Kis, Arnold"]
[Result "1-0"]
[BlackElo "1619"]
[WhiteElo "1783"]
[LiveChessVersion "1.4.8"]

1. e4 {[%clk 1:30:55]} c5 {[%clk 1:30:57]} 2. Nf3 {[%clk 1:31:03]} Nc6
{[%clk 1:31:18]} 3. d4 {[%clk 1:31:16]} cxd4 {[%clk 1:31:43]} 4. Nxd4
{[%clk 1:31:41]} Nf6 {[%clk 1:32:11]} 5. Nc3 {[%clk 1:31:58]} e5 {[%clk 1:32:35]}
6. Ndb5 {[%clk 1:32:10]} d6 {[%clk 1:33:01]} 7. Nd5 {[%clk 1:31:17]} Nxd5
{[%clk 1:32:19]} 8. exd5 {[%clk 1:31:30]} Nb8 {[%clk 1:24:26]} 9. c4
{[%clk 1:30:42]} Bf5 {[%clk 1:23:15]} 10. Bd3 {[%clk 1:29:43]} Bg6
{[%clk 1:22:21]} 11. O-O {[%clk 1:28:56]} Nd7 {[%clk 1:18:52]} 12. Be3
{[%clk 1:26:59]} a6 {[%clk 1:19:06]} 13. Nc3 {[%clk 1:26:51]} Be7
{[%clk 1:19:18]} 14. Qe2 {[%clk 1:25:59]} O-O {[%clk 1:17:32]} 15. Bxg6
{[%clk 1:23:56]} hxg6 {[%clk 1:17:55]} 16. Rac1 {[%clk 1:21:52]} Rc8
{[%clk 1:16:40]} 17. b4 {[%clk 1:17:40]} Re8 {[%clk 1:09:37]} 18. Na4
{[%clk 1:13:35]} Bf8 {[%clk 0:35:45]} 19. Rfd1 {[%clk 1:01:50]} b6
{[%clk 0:30:57]} 20. Nc3 {[%clk 0:57:14]} Qc7 {[%clk 0:26:12]} 21. Ne4
{[%clk 0:54:09]} Nf6 {[%clk 0:21:45]} 22. Nxf6+ {[%clk 0:53:45]} gxf6
{[%clk 0:22:04]} 23. Qf3 {[%clk 0:53:28]} Kg7 {[%clk 0:22:08]} 24. Rc3
{[%clk 0:44:02]} b5 {[%clk 0:11:04]} 25. c5 {[%clk 0:43:54]} Be7 {[%clk 0:09:48]}
26. Rdc1 {[%clk 0:42:16]} Qb7 {[%clk 0:03:10]} 27. c6 {[%clk 0:41:21]} Qc7
{[%clk 0:03:25]} 28. Qe2 {[%clk 0:39:18]} Ra8 {[%clk 0:03:06]} 29. a4
{[%clk 0:38:52]} bxa4 {[%clk 0:02:43]} 30. Ra3 {[%clk 0:39:11]} f5
{[%clk 0:01:24]} 31. f3 {[%clk 0:38:36]} Bf6 {[%clk 0:01:28]} 32. Rxa4
{[%clk 0:38:29]} g5 {[%clk 0:01:01]} 33. Rxa6 {[%clk 0:38:39]} 1-0

[Event "MSRCH16"]
[Site "?"]
[Date "2026.04.13"]
[Round "5.16"]
[White "Brand, Filip"]
[Black "Papay, Aurel"]
[Result "1/2-1/2"]
[BlackElo "1625"]
[WhiteElo "1777"]
[LiveChessVersion "1.4.8"]

1. d4 {[%clk 1:30:44]} Nf6 {[%clk 1:30:29]} 2. Nc3 {[%clk 1:31:06]} e6
{[%clk 1:30:09]} 3. Bf4 {[%clk 1:30:40]} Bb4 {[%clk 1:28:06]} 4. e3
{[%clk 1:29:30]} Nd5 {[%clk 1:19:45]} 5. Nge2 {[%clk 1:28:41]} Nxf4
{[%clk 1:18:48]} 6. Nxf4 {[%clk 1:28:29]} d5 {[%clk 1:18:38]} 7. Bd3
{[%clk 1:27:51]} Qg5 {[%clk 1:06:37]} 8. O-O {[%clk 1:20:02]} a6 {[%clk 1:05:31]}
9. Qe2 {[%clk 1:19:12]} O-O {[%clk 1:00:32]} 10. Kh1 {[%clk 1:17:03]} Nd7
{[%clk 0:50:55]} 11. Nh3 {[%clk 1:15:16]} Qh6 {[%clk 0:49:01]} 12. Ng1
{[%clk 1:15:16]} Bd6 {[%clk 0:48:54]} 13. f4 {[%clk 1:15:21]} c5 {[%clk 0:45:06]}
14. Rf3 {[%clk 1:14:05]} c4 {[%clk 0:20:33]} 15. Bxc4 {[%clk 1:13:16]} dxc4
{[%clk 0:19:13]} 16. Rh3 {[%clk 1:12:49]} Qg6 {[%clk 0:18:50]} 17. Rg3
{[%clk 1:13:11]} Qf5 {[%clk 0:13:36]} 18. e4 {[%clk 1:12:46]} Qxf4
{[%clk 0:07:00]} 19. Rf1 {[%clk 1:13:07]} Qh4 {[%clk 0:06:39]} 20. e5
{[%clk 1:13:19]} Bb4 {[%clk 0:02:14]} 21. Ne4 {[%clk 1:13:26]} f5
{[%clk 0:01:37]} 22. Ng5 {[%clk 1:11:23]} Nb6 {[%clk 0:00:43]} 23. N1f3
{[%clk 1:11:42]} Qh5 {[%clk 0:00:35]} 24. Rh3 {[%clk 1:11:38]} Qg6
{[%clk 0:00:35]} 25. Nxh7 {[%clk 1:11:55]} Rf7 {[%clk 0:00:34]} 26. Nf6+
{[%clk 1:11:48]} Rxf6 {[%clk 0:00:34]} 27. exf6 {[%clk 1:12:06]} 1/2-1/2

[Event "MSRCH16"]
[Site "?"]
[Date "2026.04.13"]
[Round "5.17"]
[White "Bebko, Alex"]
[Black "Kriscak, Simon"]
[Result "1/2-1/2"]
[BlackElo "1773"]
[WhiteElo "1641"]
[LiveChessVersion "1.4.8"]

1. e4 {[%clk 1:30:58]} c5 {[%clk 1:30:56]} 2. Nc3 {[%clk 1:31:21]} g6
{[%clk 1:31:16]} 3. Nf3 {[%clk 1:31:00]} Nc6 {[%clk 1:31:14]} 4. Bb5
{[%clk 1:31:10]} Bg7 {[%clk 1:31:11]} 5. Bxc6 {[%clk 1:31:19]} dxc6
{[%clk 1:31:36]} 6. O-O {[%clk 1:31:12]} Bg4 {[%clk 1:31:31]} 7. h3
{[%clk 1:30:18]} Bxf3 {[%clk 1:31:05]} 8. Qxf3 {[%clk 1:30:32]} Nf6
{[%clk 1:31:12]} 9. d3 {[%clk 1:30:35]} Nd7 {[%clk 1:30:31]} 10. Be3
{[%clk 1:28:53]} b6 {[%clk 1:30:15]} 11. a4 {[%clk 1:27:18]} a5 {[%clk 1:30:31]}
12. Rad1 {[%clk 1:21:44]} Nf8 {[%clk 1:28:10]} 13. Qe2 {[%clk 1:11:09]} e5
{[%clk 1:21:45]} 14. Qd2 {[%clk 1:02:34]} h6 {[%clk 1:19:50]} 15. Ne2
{[%clk 1:01:07]} Ne6 {[%clk 1:17:01]} 16. f4 {[%clk 0:57:39]} exf4
{[%clk 1:09:45]} 17. Nxf4 {[%clk 0:56:56]} Nxf4 {[%clk 1:05:45]} 18. Bxf4
{[%clk 0:54:26]} Qd4+ {[%clk 1:04:23]} 19. Qf2 {[%clk 0:40:21]} Qxf2+
{[%clk 1:00:38]} 20. Kxf2 {[%clk 0:40:29]} Bxb2 {[%clk 1:01:01]} 21. Rb1
{[%clk 0:40:30]} Bd4+ {[%clk 1:01:24]} 22. Ke2 {[%clk 0:40:18]} Ra6
{[%clk 1:01:21]} 23. Bc7 {[%clk 0:38:11]} c4 {[%clk 0:57:29]} 24. e5
{[%clk 0:28:38]} cxd3+ {[%clk 0:51:07]} 25. cxd3 {[%clk 0:28:30]} O-O
{[%clk 0:48:15]} 26. Rf4 {[%clk 0:18:34]} Bc5 {[%clk 0:44:50]} 27. d4
{[%clk 0:15:23]} Bb4 {[%clk 0:34:43]} 28. Rf6 c5 29. d5 {[%clk 0:05:30]} Re8
{[%clk 0:29:58]} 30. Kd3 {[%clk 0:03:42]} Ra7 {[%clk 0:28:19]} 31. Bxb6
{[%clk 0:03:43]} Rae7 {[%clk 0:26:54]} 32. d6 {[%clk 0:01:37]} Rxe5
{[%clk 0:23:38]} 33. Kc4 {[%clk 0:01:57]} Re4+ {[%clk 0:19:27]} 34. Kb5
{[%clk 0:01:55]} Rd4 {[%clk 0:13:23]} 35. Kc6 {[%clk 0:02:04]} Bc3
{[%clk 0:09:54]} 36. d7 {[%clk 0:01:47]} Ra8 {[%clk 0:06:59]} 37. Rd6
{[%clk 0:01:29]} Rxd6+ {[%clk 0:06:32]} 38. Kxd6 {[%clk 0:01:57]} Bf6
{[%clk 0:06:46]} 39. Bxc5 {[%clk 0:00:47]} Bd8 {[%clk 0:05:08]} 40. Kc6
{[%clk 0:00:38]} Bg5 {[%clk 0:00:35]} 41. Rf1 {[%clk 0:30:29]} Ra6+
{[%clk 0:26:49]} 42. Kb7 {[%clk 0:26:11]} Re6 {[%clk 0:25:32]} 43. Rd1
{[%clk 0:26:09]} Bd8 {[%clk 0:25:14]} 44. Rd6 {[%clk 0:21:17]} Re2
{[%clk 0:20:07]} 45. Kc8 {[%clk 0:13:52]} Bg5 {[%clk 0:14:06]} 46. d8=Q+
{[%clk 0:13:13]} Bxd8 {[%clk 0:14:29]} 47. Rxd8+ {[%clk 0:13:32]} Kh7
{[%clk 0:14:56]} 48. g3 {[%clk 0:11:47]} Rc2 {[%clk 0:12:11]} 49. Rd5
{[%clk 0:12:07]} Rc4 {[%clk 0:11:27]} 50. Kb7 {[%clk 0:09:19]} Rxa4
{[%clk 0:09:53]} 51. Rd3 {[%clk 0:07:55]} Ra2 {[%clk 0:09:41]} 52. Kc6
{[%clk 0:07:00]} Rh2 {[%clk 0:09:25]} 53. h4 {[%clk 0:06:32]} g5 {[%clk 0:09:36]}
54. Be7 {[%clk 0:05:07]} Kg6 {[%clk 0:08:10]} 55. hxg5 {[%clk 0:03:51]} hxg5
{[%clk 0:08:32]} 56. Rd6+ {[%clk 0:04:00]} Kh5 {[%clk 0:08:31]} 57. Rd5
{[%clk 0:03:33]} Rc2+ {[%clk 0:05:41]} 58. Kd6 {[%clk 0:02:40]} a4
{[%clk 0:05:20]} 59. Rxg5+ {[%clk 0:03:05]} Kh6 {[%clk 0:05:40]} 60. Ra5
{[%clk 0:02:46]} Rc3 {[%clk 0:04:11]} 61. Bg5+ {[%clk 0:02:20]} 1/2-1/2

[Event "MSRCH16"]
[Site "?"]
[Date "2026.04.13"]
[Round "5.18"]
[White "Toth, Peter"]
[Black "Kosut, Simon"]
[Result "0-1"]
[BlackElo "1603"]
[WhiteElo "1756"]
[LiveChessVersion "1.4.8"]

1. e4 {[%clk 1:30:58]} c5 {[%clk 1:30:59]} 2. Nf3 {[%clk 1:31:22]} e6
{[%clk 1:31:27]} 3. d4 {[%clk 1:31:46]} cxd4 {[%clk 1:31:49]} 4. Nxd4
{[%clk 1:32:12]} a6 {[%clk 1:32:05]} 5. Nc3 {[%clk 1:31:58]} Nc6 {[%clk 1:32:15]}
6. Nf3 {[%clk 1:28:26]} b5 {[%clk 1:17:57]} 7. Bd3 {[%clk 1:22:31]} Bc5
{[%clk 1:17:49]} 8. O-O {[%clk 1:21:48]} Bb7 {[%clk 1:15:05]} 9. Bg5
{[%clk 1:16:56]} Qc7 {[%clk 1:11:44]} 10. Bh4 {[%clk 1:03:43]} f6
{[%clk 1:06:29]} 11. Bg3 {[%clk 1:00:55]} d6 {[%clk 1:01:05]} 12. a3
{[%clk 0:51:15]} Nge7 {[%clk 0:49:35]} 13. Be2 {[%clk 0:42:23]} e5
{[%clk 0:43:29]} 14. Re1 {[%clk 0:31:54]} O-O {[%clk 0:41:56]} 15. Nd5
{[%clk 0:29:38]} Nxd5 {[%clk 0:40:47]} 16. Qxd5+ {[%clk 0:30:06]} Kh8
{[%clk 0:41:05]} 17. Qd2 {[%clk 0:26:46]} f5 {[%clk 0:35:23]} 18. exf5
{[%clk 0:24:52]} Rxf5 {[%clk 0:35:09]} 19. Bd3 {[%clk 0:24:00]} Rh5
{[%clk 0:32:22]} 20. b4 {[%clk 0:18:05]} Bb6 {[%clk 0:32:00]} 21. Rad1
{[%clk 0:18:18]} Nd4 {[%clk 0:31:13]} 22. Nxd4 {[%clk 0:17:40]} Bxd4
{[%clk 0:31:41]} 23. Be2 {[%clk 0:14:23]} Rh6 {[%clk 0:28:22]} 24. c3
{[%clk 0:14:20]} Qxc3 {[%clk 0:25:45]} 25. Qxc3 {[%clk 0:10:41]} Bxc3
{[%clk 0:26:12]} 26. Rf1 {[%clk 0:10:53]} Bb2 {[%clk 0:20:53]} 27. Rd3
{[%clk 0:10:34]} Bd4 {[%clk 0:21:14]} 28. Rfd1 {[%clk 0:10:30]} Be4
{[%clk 0:21:04]} 29. R3d2 {[%clk 0:10:54]} Rf8 {[%clk 0:21:05]} 30. Kf1
{[%clk 0:10:15]} Rhf6 {[%clk 0:18:53]} 31. Rxd4 {[%clk 0:09:45]} exd4
{[%clk 0:18:06]} 32. Rxd4 {[%clk 0:10:11]} Bg6 {[%clk 0:13:45]} 33. f3
{[%clk 0:09:09]} Re8 {[%clk 0:11:54]} 34. Rxd6 {[%clk 0:09:03]} Rxd6
{[%clk 0:12:09]} 35. Bxd6 {[%clk 0:09:30]} Re3 {[%clk 0:12:34]} 36. a4
{[%clk 0:09:31]} bxa4 {[%clk 0:11:29]} 37. Bxa6 {[%clk 0:09:42]} Bd3+
{[%clk 0:11:56]} 38. Bxd3 {[%clk 0:09:08]} Rxd3 {[%clk 0:12:22]} 39. Be5
{[%clk 0:08:32]} a3 {[%clk 0:11:08]} 40. Ke2 {[%clk 0:08:39]} Rb3
{[%clk 0:11:33]} 0-1

[Event "MSRCH16"]
[Site "?"]
[Date "2026.04.13"]
[Round "5.19"]
[White "Jokai, Bence"]
[Black "Sykora, Miro"]
[Result "0-1"]
[BlackElo "1671"]
[WhiteElo "1788"]
[LiveChessVersion "1.4.8"]

1. e4 {[%clk 1:30:59]} c6 {[%clk 1:30:56]} 2. Nc3 {[%clk 1:31:07]} d5
{[%clk 1:31:20]} 3. exd5 {[%clk 1:31:22]} cxd5 {[%clk 1:31:47]} 4. Nf3
{[%clk 1:31:45]} Nf6 {[%clk 1:31:48]} 5. Ne5 {[%clk 1:28:14]} Nc6
{[%clk 1:28:57]} 6. d4 {[%clk 1:25:08]} e6 {[%clk 1:27:18]} 7. Bg5
{[%clk 1:25:13]} Be7 {[%clk 1:26:46]} 8. Be2 {[%clk 1:23:21]} O-O
{[%clk 1:26:19]} 9. O-O {[%clk 1:21:33]} Qb6 {[%clk 1:25:36]} 10. Nxc6
{[%clk 1:21:08]} bxc6 {[%clk 1:25:49]} 11. Rb1 {[%clk 1:21:07]} Ba6
{[%clk 1:19:00]} 12. a3 {[%clk 1:09:43]} Bxe2 {[%clk 1:18:55]} 13. Nxe2
{[%clk 1:09:39]} Rfe8 {[%clk 1:17:09]} 14. c3 {[%clk 1:06:38]} Ne4
{[%clk 1:16:13]} 15. Bxe7 {[%clk 1:05:08]} Rxe7 {[%clk 1:16:39]} 16. f3
{[%clk 1:05:11]} Nd6 {[%clk 1:16:35]} 17. b3 {[%clk 1:01:42]} Qa6
{[%clk 1:12:11]} 18. a4 {[%clk 0:59:15]} Rae8 {[%clk 1:09:33]} 19. Ng3
{[%clk 0:53:14]} Rc7 {[%clk 0:59:43]} 20. Qd2 {[%clk 0:48:31]} Qa5
{[%clk 0:49:55]} 21. Rfe1 {[%clk 0:42:34]} c5 {[%clk 0:45:43]} 22. Rbc1
{[%clk 0:32:26]} Rec8 {[%clk 0:37:49]} 23. Re3 {[%clk 0:31:28]} Rb7
{[%clk 0:29:38]} 24. dxc5 {[%clk 0:28:02]} Qxc5 {[%clk 0:29:50]} 25. b4
{[%clk 0:28:12]} Rxb4 {[%clk 0:28:10]} 26. cxb4 {[%clk 0:28:16]} Qxc1+
{[%clk 0:28:32]} 27. Qxc1 {[%clk 0:28:35]} Rxc1+ {[%clk 0:28:59]} 28. Kf2
{[%clk 0:28:46]} Rb1 {[%clk 0:24:35]} 29. b5 {[%clk 0:25:07]} Ra1
{[%clk 0:24:24]} 30. Rb3 {[%clk 0:18:31]} Nc4 {[%clk 0:21:24]} 31. Rb4
{[%clk 0:08:10]} Nb6 {[%clk 0:21:36]} 32. Ne2 {[%clk 0:08:01]} Rxa4
{[%clk 0:19:59]} 33. Rxa4 {[%clk 0:08:19]} Nxa4 {[%clk 0:20:24]} 34. Nd4
{[%clk 0:08:35]} Nc3 {[%clk 0:19:27]} 35. Ke3 {[%clk 0:08:04]} e5
{[%clk 0:19:13]} 36. Nc6 {[%clk 0:07:17]} Nxb5 {[%clk 0:18:37]} 37. Nxe5
{[%clk 0:07:38]} Kf8 {[%clk 0:18:14]} 38. Nc6 {[%clk 0:07:28]} Ke8
{[%clk 0:17:27]} 39. Kd3 {[%clk 0:06:22]} Kd7 {[%clk 0:16:03]} 40. Nb4
{[%clk 0:03:01]} Kd6 {[%clk 0:15:38]} 41. f4 {[%clk 0:02:24]} h5 {[%clk 0:13:24]}
42. h3 {[%clk 0:01:18]} f6 {[%clk 0:11:47]} 43. g4 {[%clk 0:30:14]} hxg4
{[%clk 0:42:03]} 44. hxg4 {[%clk 0:30:25]} g5 {[%clk 0:42:23]} 45. Ke3
{[%clk 0:30:10]} a5 {[%clk 0:36:44]} 46. Na2 {[%clk 0:29:21]} d4+
{[%clk 0:36:02]} 47. Ke4 {[%clk 0:29:33]} Nc3+ {[%clk 0:36:18]} 0-1